Biblioteca

Los padres como pastores de los niños (Registro nro. 52006)

Detalles MARC
000 -LÍDER
Campo fijo de descripción fija 01273aab a2200217 i 4500
001 - NÚMERO DE CONTROL
Campo de control 768714001
003 - IDENTIFICADOR DEL NÚMERO DE CONTROL
Campo de control CO-MdFUSB
005 - FECHA Y HORA DE LA ULTIMA TRANSACCIÓN
control field 20240320122625.0
008 - ELEMENTOS DE LONGITUD FIJA -- INFORMACIÓN GENERAL
Campo fijo de descripción fija -- Información general 240319s1992 ag ||||| |||| 00| 0 spa d
040 ## - FUENTE DE CATALOGACIÓN
Idioma de catalogación spa
Agencia que realiza la transcripción CO-MdFUSB
041 ## - CÓDIGO DE IDIOMA
Código de idioma para texto/pista de sonido o título separado spa
100 1# - ASIENTO PRINCIPAL--NOMBRE PERSONAL
Nombre personal Camargo López, Jesús
Término relacionador autor
245 14 - TÍTULO
Título Los padres como pastores de los niños
Mención de responsabilidad / Jesús Camargo López
300 ## - DESCRIPCIÓN FÍSICA
Extensión Volumen 12, número 3 (julio - septiembre, 1993), páginas 21 - 23
Dimensiones ; 27 cm
520 ## - NOTA DE RESUMEN, ETC.
Nota de sumario, etc. La forma en que los adultos presentan hoy a Jesús a los niños constituye a veces el obstáculo mayor para que los niños se sientan atraídos por él.<br/>El niño será atraído a Cristo en la medida en que lo vea en las personas que están a su lado. Los adultos que no reflejan a Cristo o no captan la confianza y el efecto de los niños, en realidad, se constituyen en piedras de tropiezo porque obstaculizan la visión de los niños. Un adulto que no refleja a Cristo no puede llevar a los niños al conocimiento profundo de la palabra de Dios.
650 #7 - ASIENTO SECUNDARIO DE MATERIA - TERMINO TEMÁTICO
Término temático o nombre geográfico como elemento de entrada Familia y enseñanza
9 (RLIN) 224
653 ## - TÉRMINO DE INDIZACIÓN - NO CONTROLADO
Término no controlado P
700 1# - ENTR. SECUNDARIA - Nombre Personal (R)
Nombre de persona Pérez de Camargo, Carmen
Término indicativo de función autor
773 0# - ASIENTO DE ITEM FUENTE
Título Iglesia y Misión
Biblionumber 49402
Itemnumber 59656
Parte(s) relacionada(s) / Volumen., número. (mes año), páginas Volumen 12, número 3 (julio - septiembre, 1993), páginas 21 - 23
Enumeración y primera página páginas 21
942 ## - TIPO DE MATERIAL (KOHA)
Tipo de Item KOHA Artículos de Revista

No hay ítems disponibles.

Biblioteca FUSBC | Teléfono: (57+4) 349 88 10 Ext. 141| WhatsApp (+57) 3005338115 
E-mail: biblioteca@unisbc.edu.co | Calle 76 87-14 Robledo Palenque, Medellín, Colombia

Con tecnología Koha